000 00631nam a2200217Ia 4500
005 20250508162250.0
008 008 250505s9999 xx 000 0 eng d
037 _aTextual
040 _aFEDL
_beng
_cFEDL
041 _aeng
_2eng
084 _a370.1, DOW
_qFEDL
100 _aDowsett Norman C.
_9772262
245 0 _aEducation of the future
260 _aPondicherry, India
_bSri Aurobindo Society
_c1976
300 _aiv,52p.
490 _aIntegral Education Series 5
650 _aEducation - Philosophy
700 _a Jayaswal Sitaram
_9772689
942 _cTEXL
_h370.1, DOW
999 _c1375466
_d1375466